000 00551nam a2200193 a 4500
005 20220519130559.0
008 010910s1993 ag r 000 0 spa d
020 _a9505185324
035 _aUPN01000111085
049 _aCG
050 4 _aBF467
_bA4.418
100 1 _aAli, Sami Mahmud
245 1 3 _aEl cuerpo, el espacio y el tiempo /
_cSami Ali ; tr. Irene Algoff.
260 _aBuenos Aires:
_bAmorrortu,
_c1993.
300 _a204 p.
440 0 _aBiblioteca de psicología y psicoanálisis
650 2 _aEspacio y tiempo
_94017
905 _aLibro
999 _c84994
_d84994